| 000 | 01077nam a2200277 4500 | ||
|---|---|---|---|
| 001 | 114158 | ||
| 003 | DR-UNIBE | ||
| 005 | 20251015154504.0 | ||
| 008 | 251015b2025 dr ||||| |||| 00| 1 spa d | ||
| 020 | _a9789945299199 | ||
| 040 |
_aBIBLIOTECA UNIBE _bspa _cBIBLIOTECA UNIBE _erda |
||
| 041 | _aspa | ||
| 090 | _aFBIU-INT CO D161t | ||
| 100 | 1 | 0 |
_aDamirón, Anya, _d1982 - _953599 _eautor |
| 245 | 1 | 3 |
_aEl tren de la diversión / _cAnya Damiron ; ilustraciones: Yonson Carbonell |
| 250 | _aPrimera edición | ||
| 260 |
_aSanto Domingo : _bInstituto Dominicano de Telecomunicaciones (INDOTEL), _c2025 |
||
| 300 |
_a[Sin páginas] : _bilustraciones a color ; _c25 x 19 cm |
||
| 500 | _aComentario de la obra en la contraportada, datos del autor e ilustrador en las últimas páginas | ||
| 653 | 7 | _aComics infantiles dominicanos | |
| 653 | 7 | _aLiteratura infantil dominiccana | |
| 653 | 7 | _aDiversión - Comics ifantiles dominicanos | |
| 653 | 7 | _aTrenes - Comics infantiles dominicanos | |
| 700 | 1 | 3 |
_aYonsonscb _q(Carbonell, Yonson) _9199816 _eilustrador |
| 942 |
_2ddc _cBK |
||
| 999 |
_c114158 _d114158 |
||